Week 3 Warrior Knowledge - Statistics

General Stats
  • This quiz has been taken 3 times
  • The average score is 8 of 11
Answer Stats
Hint Answer % Correct
Armory History (Year Built) 1896
100%
Space Force Birthday 20 December 2019
100%
Core Values Integrity first. Service before self. Excellence in all we do.
100%
Air Force Mission To fly, fight, and win... airpower anytime, anywhere.
100%
Honor Code We will not lie, steal, or cheat, nor tolerate among us anyone who does.
100%
Air Force Birthday 18 September 1947
67%
AFROTC Mission Develop Air and Space Force leaders of character whom we expect to fight and win our nation's wars.
67%
The Airman's Creed (1st Half) I am an American Airman.I am a warrior. I have answered my nation’s call. I am an American Airman. My mission is to fly, fight, and win. I am faithful to a proud heritage, A tradition of honor, And a legacy of valor.
67%
Holm Center Mission We build leaders.
67%
Det. 415 Inclusion Creed We recognize, accept, and celebrate the differences within our communities and hold each other accountable to the same.
33%
7 Basic Commands “Yes, Sir”“No, Sir” “Sir, may I ask a question?” “Sir, may I make a statement?” “Sir, I do not know” “Sir, I do not understand” “No excuse, Sir”
0%
No matching quizzes found
Score Distribution
Percent of People with Each Score
Percentile by Number Answered
Your Score History
You have not taken this quiz